000 01016nam0a2200265 4500
001 RU\NLR\ONL1\16576
005 20260406141659.0
035 _a(NLR Aleph) 009645314
090 _a9561890
_c9561890
100 _a20100426d1952 |||y0rusy50 ca
101 0 _amdf
102 _aRU
105 _ay |||||||||
200 1 _aКода шарьхкодьсы социал-демократиясь национальнай кизефксть?
_fИ. В. Сталин
210 _aСаранск
_cМордгиз
_d1952
215 _a24 с.
_d20
541 1 _aКак понимает социал-демократия национальный вопрос?
_zrus
606 0 _aНациональный вопрос
_91432282
_3RU\NLR\auth\66294376
686 1 _aА831
700 1 _4070
_8rus
_7ca
_aСталин
_bИ. В.
_f1879-1953
_gИосиф Виссарионович
_3RU\NLR\auth\773464
_9113460
801 0 _aRU
_bNLR
_c20100428
_gPSBO
852 _aNLR
_bОНЛ
_jМорд.м./2-1557
942 _cBOOK
980 _aNB